000 00944nam a2200241Ia 4500
003 GCL
008 140319s9999 xx 000 0 ara d
020 _a6374704977
040 _aGCL /
_cGCL
082 0 4 _a346.013
_bا ح
100 1 _aالسيد عتيق
245 1 0 _aالحماية القانونية لذوى الاحتياجات الخاصة :
_bدراسة جنائية مقارنة /
_cالسيد عتيق
260 _aالقاهرة :
_bدار النهضة المصرية ،
_c2005
300 _a239 ص ؛
_c24 سم
650 0 4 _aالتخلف العقلى
650 0 4 _aضعاف العقول
650 0 4 _aالمعوقون
650 0 4 _aالتخلف العقلى - الجوانب الاجتماعية
650 0 4 _aضعاف العقول - حقوق
650 0 4 _aالمعوقون - قوانين وتشريعات - الدول الاوربية
650 0 4 _aالمعوقون - قوانين وتشريعات
942 _2ddc
_cBK
999 _c8602
_d8602